Les Joueurs homme du match de CDM 2022 - Statistiques

Statistiques générales
  • Ce quiz a été pris 130 fois
  • Le résultat moyen est 16 sur 54
Statistiques - réponses
Nation : Nombre : Joueurs : % Correct
France 3 Mbappé
100%
Argentine 5 Messi
100%
Croatie 2 Modric
96%
Maroc 1 Hakimi
65%
Angleterre 1 Kane
61%
Brésil 1 Neymar JR
55%
E-U 2 Pulisic
55%
France 1 Griezmann
52%
Maroc 2 Bounou
51%
Portugal 1 Ronaldo
49%
France 1 Giroud
48%
Croatie 1 Gvardiol
44%
Belgique 1 De Bruyne
43%
Angleterre 1 Saka
43%
Pays de Galles 1 Bale
40%
Pologne 1 Lewandowski
39%
Brésil 1 Richarlison
39%
Cameroun 1 Aboubakar
37%
Croatie 2 Livakovic
35%
Portugal 1 Ramos
33%
Uruguay 1 Valverde
33%
Pays-Bas 1 De Jong
29%
Portugal 1 Fernandes
27%
Allemagne 1 Havertz
27%
Tunisie 1 KHAZRI
27%
Espagne 1 Morata
27%
Équateur 1 Valencia
27%
Maroc 1 Ziyech
27%
Angleterre 1 Rashford
26%
Espagne 1 Gavi
25%
Pays-Bas 1 Gakpo
24%
Sénégal 1 Koulibaly
24%
Argentine 1 Mac Allister
24%
Suisse 1 Xhaka
20%
Sénégal 1 Dia
17%
Brésil 1 Casemiro
16%
Mexique 1 Ochoa
15%
Suisse 1 Sommer
15%
Croatie 1 Kramaric
13%
Ghana 1 Kudus
13%
Pays-Bas 1 Dumfries
12%
Uruguay 1 De Arrascaeta
6%
Mexique 1 Chavez
3%
Australie 1 Duke
3%
Pays-Bas 1 Klaassen
3%
Tunisie 1 Laïdouni
3%
Arabie-Saoudite 1 AL-Owais
2%
Corée du sud 1 Hwang Hee-Chan
2%
Australie 1 Leckie
2%
Iran 1 Cheshmi
0%
Cameroun 1 Epassy
0%
Costa-Rica 1 Fuller
0%
Japon 1 Gonda
0%
Japon 1 Tanaka
0%
Aucun quiz correspondant
Distribution des résultats
% des personnes avec chaque résultat
Percentile par nombre de réponses
Votre historique - résultats
Vous n’avez pas pris ce quiz